El Sujeto negado y su retorno /
Gorde:
| Egile nagusia: | |
|---|---|
| Formatua: | Texto |
| Gaiak: | |
| Etiketak: |
Etiketa erantsi
Etiketarik gabe, Izan zaitez lehena erregistro honi etiketa jartzen!
|
MARC
| LEADER | 00000 a a2200000 04500 | ||
|---|---|---|---|
| 001 | 11777 | ||
| 003 | |||
| 040 | |||
| 100 | |a Hinkelammert, Franz J. | ||
| 245 | |a El Sujeto negado y su retorno / |c Franz J. Hinkelammert | ||
| 650 | |a INDIVIDUOS | ||
| 650 | |a GLOBALIZACION | ||
| 650 | |a ECONOMIA DE MERCADO | ||
| 650 | |a MUERTE | ||
| 650 | |a MEDIO CULTURAL | ||
| 650 | |a INTEGRISMO | ||
| 773 | |g número 104; páginas 1-12 | ||
| 999 | |c 28164 |d 28164 | ||
| 773 | 0 | |0 41641 |9 2475 |a Departamento Ecuménico de Investigaciones (DEI) |d San José, Costa Rica Departamento Ecuménico de Investigaciones (DEI) |o 20183 |t Pasos / | |
